000 00938nam a22002777a 4500
001 5515
003 FISKH
005 20241216120810.0
008 241216b cb ||||| |||| 00| 0 eng d
020 _a9780545109017
040 _aFISKH
_beng
_cFISKH
_dFISKH
050 _aG80.A745
082 _a910.9
100 _aAronson, Marc
245 _aThe world made new :
_bwhy the age of exploration happened and how it changed the world /
_cby Marc Aronson & John W. Glenn
250 _aFirst Scholastic printing, November 2008
260 _aNew York :
_bScholastic ;
_c2007.
300 _a64 pages :
_bcolor illustrations, maps ;
_c26 cm .
505 _aS
520 _aDescribes how the discoveries made by the Europeans around the time of Columbus changed the world.
521 8 _a800
_bLexile estimate
521 8 _aS
_bRaz-Plus
700 _aGlenn, John W
_eillustrator
942 _2ddc
_cBK
_n0
999 _c5515
_d5515